Statistics for Evropské Země - Jedna minuta sprint

Click here to take the quiz!

General Stats

  • This quiz has been taken 6 506 times
  • The average score is 20 of 45

Answers on the Map

Answers color-coded by a green-red scale on the quiz's map according to % correct below.
 

Answer Stats

země% Correct
Česko
92%
Německo
85%
Slovensko
83%
Francie
82%
Polsko
77%
Švédsko
77%
Norsko
75%
Španělsko
75%
Finsko
74%
Itálie
70%
Rusko
68%
Spojené království
68%
Irsko
67%
Portugalsko
65%
Island
60%
Ukrajina
58%
Rakousko
57%
Dánsko
52%
Belgie
47%
Litva
46%
Estonsko
41%
Nizozemsko
39%
Maďarsko
38%
Švýcarsko
38%
Bělorusko
37%
Lotyšsko
37%
Slovinsko
37%
Řecko
31%
Andorra
29%
Vatikán
29%
Chorvatsko
27%
Rumunsko
26%
Monako
24%
San Marino
24%
Bulharsko
22%
Malta
21%
Srbsko
21%
Lucembursko
20%
Albánie
19%
Moldavsko
18%
Bosna a Hercegovina
17%
Kosovo
15%
Černá Hora
13%
Lichtenštejnsko
13%
Makedonie
12%

Score Distribution

Percentile by Number Answered

Percent of People with Each Score

Your Score History

You have not taken this quiz